000
00349nam a2200157Ia 4500
100
_a
Jones/Michael
942
_c
RB
366
_f
17.5
654
_a
accounting
245
_a
Accounting for Non specialists
260
_b
Wiley student edition
_a
New Delhi
_c
2002
082
_a
657.48/JON
_b
JON
300
_a
596
546
_a
ENGLISH
999
_c
31898
_d
31898